000 00387 a2200109 4500
001 ART_3172
005 20260410161712.0
008 260409a
245 1 0 _aAlgunas observaciones sobre Germani, el surgimiento del peronismo y los migrantes internos
100 1 _aHalperin Donghi, Tulio
773 0 _tDesarrollo económico
_g- Vol. 14, Nº 56 (ene./mar. 1975)
_wREV1174
999 _c16208
_d16208